Title in the Lyrics Quiz: K-Pop 2 - Statistics

General Stats
  • This quiz has been taken 10 times
  • The average score is 6 of 18
Answer Stats
Song Lyric % Correct
It's you and me in this world / Naegero dasi wa, tie me / Nal guwonhal georamyeon / Just come kiss me and {bite} {me}
80%
I just gotta get it / Watch me {go}, {go}, {go}, {go}, {go}, {go}
70%
{Love} {me} {like} {this}, love me like that / {Love} {me} {like} {this} and I love you right back
70%
One, two, three, four, five, six, seven / You make me feel like {eleven}
70%
Smooth like {butter}, like a criminal undercover
70%
Come take a seat {in} {your} {fantasy} (uh) / I'll set you free from your sanity
50%
I gave a second chance to {Cupid} / Neol mideun naega jeongmal stupid
50%
Ah, I {lose} {my} {breath}, when you're walking in / 'Cause when our eyes lock, it's like my heart stops
40%
Red five diamonds in {my} {bag} / If you wanna see it, dance to beat like that
40%
'Cause when we jumpin', it's poppin', we {jopping}
30%
You don't like me? That's fine (that's fine) / You don't like me? {K} {bye} ({k} {bye})
20%
I think I'm {ugly} / And nobody wants to love me / Just like her I wanna be pretty
10%
Ten out of ten, oh, you're {killin'} {it} {girl} / Baddest out yo' friends, oh, you're {killin'} {it} {girl}
10%
You know, I'm your {imaginary} {friend} / You know, I'm, it's you and I until the end
10%
I always come in hardcore / I'll love you 'til the day I'm {bored}
0%
I'm lookin' for a freak {McNasty} (for a freak) / Full course, manjokal su eomneun matbaegi
0%
I only want to teach you how to be / The {best} {lover} for me / The best that you can be
0%
You should have told me {hold} {still} while you aimed / 'Cause now I lay and my heart break
0%
No matching quizzes found
Score Distribution
Percent of People with Each Score
Percentile by Number Answered
Your Score History
You have not taken this quiz